Literature and tourism / (Record no. 51239)

MARC details
000 -LEADER
fixed length control field 00622nam a2200229Ia 4500
005 - DATE AND TIME OF LATEST TRANSACTION
control field 20260429111857.0
008 - FIXED-LENGTH DATA ELEMENTS--GENERAL INFORMATION
fixed length control field 260429s9999||||xx |||||||||||||| ||und||
020 ## - INTERNATIONAL STANDARD BOOK NUMBER
International Standard Book Number 9780826459206
041 ## - LANGUAGE CODE
Language English
082 ## - DEWEY DECIMAL CLASSIFICATION NUMBER
Classification number 809
Item number AND
100 ## - MAIN ENTRY--PERSONAL NAME
Personal name Andersen, Hans Christian
245 #0 - TITLE STATEMENT
Title Literature and tourism /
Statement of responsibility, etc Hans Christian Andersen
260 ## - PUBLICATION, DISTRIBUTION, ETC. (IMPRINT)
Place of publication, distribution, etc London :
Name of publisher, distributor, etc Continuum ,
Date of publication, distribution, etc 2012.
300 ## - PHYSICAL DESCRIPTION
Extent xix, 300 p.; hb
650 ## - SUBJECT ADDED ENTRY--TOPICAL TERM
Topical term or geographic name as entry element Cultural tourism
650 ## - SUBJECT ADDED ENTRY--TOPICAL TERM
Topical term or geographic name as entry element Heritage tourism
650 ## - SUBJECT ADDED ENTRY--TOPICAL TERM
Topical term or geographic name as entry element Literature studies
650 ## - SUBJECT ADDED ENTRY--TOPICAL TERM
Topical term or geographic name as entry element Travel writing
650 ## - SUBJECT ADDED ENTRY--TOPICAL TERM
Topical term or geographic name as entry element Literary tourism
700 ## - ADDED ENTRY--PERSONAL NAME
Personal name Robinson, Mike
942 ## - ADDED ENTRY ELEMENTS (KOHA)
Koha item type Text Books
Holdings
Withdrawn status Lost status Damaged status Not for loan Collection code Home library Location Shelving location Date of Cataloging Source of acquisition Total Checkouts Full call number Barcode Date last seen Price effective from Koha item type
        Non-fiction CUTN Central Library CUTN Central Library Literature 29/04/2026 Kiran Book Centre, Bengaluru - Invoice No. 302/25-26 on 11-02-2026   809 AND 56103 29/04/2026 29/04/2026 Text Books